[Event "Split op 10th"]
[Site "Split"]
[Date "2021.07.31"]
[Round "1"]
[White "Tica, Sven"]
[Black "Zagema, Jan Sybren"]
[Result "1-0"]
[WhiteElo "2387"]
[BlackElo "1857"]
[PlyCount "63"]
[EventDate "2021.07.31"]
[EventType "swiss"]
[EventRounds "9"]
[EventCountry "CRO"]
[SourceTitle "CBM 203 Extra"]
[Source "ChessBase"]
[SourceDate "2021.09.30"]
[SourceVersion "1"]
[SourceVersionDate "2021.09.30"]
[SourceQuality "1"]

1. d4 Nf6 2. c4 g6 3. Nc3 Bg7 4. Bf4 d6 5. e3 0-0 6. Be2 Re8 7. Nf3 Nbd7 8. 0-0 h6 9. h3 Nf8 10. Qc2 Bd7 11. Bh2 Qc8 12. Rad1 N8h7 13. e4 Ng5 14. Nxg5 hxg5 15. e5 Nh5 16. Qd2 Bh6 17. Ne4 Nf4 18. Bf3 Kg7 19. Nxg5 Nxh3+ 20. gxh3 Bxh3 21. Bf4 Bxf1 22. Kxf1 Rh8 23. Ke2 dxe5 24. dxe5 Qf5 25. Be4 Qg4+ 26. f3 Qg2+ 27. Ke3 Qxd2+ 28. Rxd2 Rad8 29. Rg2 Bxg5 30. Bxg5 c6 31. e6 Rh5 32. exf7 1-0

[Event "Pontevedra op-B 6th"]
[Site "Pontevedra"]
[Date "2018.08.13"]
[Round "8"]
[White "Martins, Jose Carlos Caetano"]
[Black "Zagema, Jan Sybren"]
[Result "1/2-1/2"]
[WhiteElo "1678"]
[BlackElo "1861"]
[PlyCount "37"]
[EventDate "2018.08.08"]
[EventType "swiss"]
[EventRounds "9"]
[EventCountry "ESP"]
[SourceTitle "CBM 186 Extra"]
[Source "ChessBase"]
[SourceDate "2018.08.24"]
[SourceVersion "1"]
[SourceVersionDate "2018.08.24"]
[SourceQuality "1"]

1. e4 c5 2. Nf3 g6 3. d4 cxd4 4. Nxd4 Nc6 5. Nc3 Bg7 6. Be3 Nf6 7. Bc4 Qa5 8. 0-0 0-0 9. Bb3 d6 10. h3 Bd7 11. f4 Nxd4 12. Bxd4 Bc6 13. Qd3 Nd7 14. Bxg7 Kxg7 15. Qd4+ Kg8 16. Nd5 Bxd5 17. exd5 Qc5 18. Qxc5 Nxc5 19. Rfe1 1/2-1/2

[Event "Pontevedra op-B 6th"]
[Site "Pontevedra"]
[Date "2018.08.10"]
[Round "3"]
[White "Zagema, Jan Sybren"]
[Black "De Leon, Patricia O"]
[Result "1/2-1/2"]
[WhiteElo "1861"]
[BlackElo "1926"]
[PlyCount "95"]
[EventDate "2018.08.08"]
[EventType "swiss"]
[EventRounds "9"]
[EventCountry "ESP"]
[SourceTitle "CBM 186 Extra"]
[Source "ChessBase"]
[SourceDate "2018.08.24"]
[SourceVersion "1"]
[SourceVersionDate "2018.08.24"]
[SourceQuality "1"]

1. e4 e6 2. d4 d5 3. Nc3 Nf6 4. Bg5 Be7 5. e5 Nfd7 6. h4 Nc6 7. Nf3 f6 8. exf6 Nxf6 9. Bd3 0-0 10. Qe2 Nb4 11. Ne5 c5 12. dxc5 Bxc5 13. a3 Nxd3+ 14. Nxd3 Bd4 15. Nd1 Qd6 16. c3 Bb6 17. Bf4 Qe7 18. Be3 Bc7 19. Bd4 Ne4 20. Ne5 Rf5 21. Nf3 Bd7 22. Nd2 Nxd2 23. Qxd2 e5 24. Be3 Bc6 25. Bg5 Qf7 26. Ne3 Rf8 27. Nxf5 Qxf5 28. 0-0-0 Qxf2 29. Qxf2 Rxf2 30. Rd2 Rf7 31. Be3 a5 32. Rf2 Bb5 33. Rd1 Bc4 34. Rxf7 Kxf7 35. Kc2 a4 36. Rd2 Ke6 37. Rf2 Bd6 38. Kd2 Be7 39. g3 b5 40. Bb6 Bf6 41. Bc5 Bb3 42. Ke3 Bd1 43. Rf1 Bb3 44. Kf3 Bc4 45. Re1 Bd3 46. Re3 Bc2 47. Re1 Bd3 48. Re3 1/2-1/2

[Event "Wroclaw op"]
[Site "Wroclaw"]
[Date "2017.08.12"]
[Round "5"]
[White "Zagema, Jan Sybren"]
[Black "Kowalczyk, Pawel"]
[Result "0-1"]
[WhiteElo "1878"]
[BlackElo "2311"]
[PlyCount "40"]
[EventDate "2017.08.10"]
[EventType "swiss"]
[EventRounds "9"]
[EventCountry "POL"]
[SourceTitle "CBM 180 Extra"]
[Source "ChessBase"]
[SourceDate "2017.10.06"]
[SourceVersion "1"]
[SourceVersionDate "2017.10.06"]
[SourceQuality "1"]

1. e4 c5 2. Nc3 Nc6 3. f4 g6 4. Nf3 Bg7 5. Bb5 d6 6. 0-0 Bd7 7. Bxc6 Bxc6 8. d3 b5 9. Qe1 Qb6 10. Kh1 h5 11. f5 gxf5 12. Ng5 Nh6 13. exf5 0-0-0 14. Nxf7 Nxf7 15. Qe6+ Kb8 16. Qxf7 Bxc3 17. bxc3 Qb7 18. Rf2 Rhg8 19. Rf3 Bxf3 20. gxf3 Qxf3# 0-1